Statistics for Capitals of Non-Countries

Click here to take the quiz!

General Stats

  • This quiz has been taken 40 times
  • The average score is 7 of 15

Answer Stats

PlaceCapital% Correct
Northern IrelandBelfast
94%
GreenlandNuuk
80%
TasmaniaHobart
71%
TibetLhasa
71%
FloridaTallahassee
63%
New JerseyTrenton
63%
New CaledoniaNoumea
43%
American SamoaPago Pago
40%
ReunionSaint Denis
31%
TransnistriaTiraspol
31%
CuracaoWillemstad
29%
VojvodinaNovi Sad
20%
AbkhaziaSukhumi
20%
South OssetiaTskhinvali
20%
West PapuaManokwari
11%

Score Distribution

Percentile by Number Answered

Percent of People with Each Score

Your Score History

You have not taken this quiz